[Event "IIFL Wealth 4th Mumbai GM"]
[Site "Mumbai"]
[Date "2018.12.30"]
[Round "1"]
[White "Rebut, Paul"]
[Black "Dushyant Sharma"]
[Result "0-1"]
[WhiteElo "1740"]
[BlackElo "2271"]
[Annotator "NA"]
[PlyCount "50"]
[EventDate "2018.12.30"]
[EventType "swiss"]
[EventCountry "IND"]
[SourceTitle "playchess.com"]
[Source "ChessBase"]
[SourceQuality "1"]
[TimeControl "40/5400+30:1800+30"]

1. e4 {[%emt 0:00:00]} e5 {[%emt 0:00:00]} 2. Nf3 {[%emt 0:00:24]} Nc6 {[%emt 0:00:00]} 3. d4 {[%emt 0:00:17]} exd4 {[%emt 0:00:08]} 4. Nxd4 {[%emt 0:00:53]} Nf6 {[%emt 0:00:11]} 5. Nxc6 {[%emt 0:00:13]} bxc6 {[%emt 0:00:06]} 6. e5 {[%emt 0:00:33]} Qe7 {[%emt 0:00:11]} 7. Qe2 {[%emt 0:00:16]} Nd5 {[%emt 0:00:09]} 8. c4 {[%emt 0:00:40]} Nb6 {[%emt 0:00:17]} 9. Nd2 {[%emt 0:01:03]} Qe6 {[%emt 0:00:41]} 10. Nf3 {[%emt 0:06:11]} Bc5 {[%emt 0:12:44]} 11. Bd2 {[%emt 0:12:19]} a5 {[%emt 0:02:49]} 12. Ng5 {[%emt 0:11:17]} Qe7 {[%emt 0:11:39]} 13. f4 {[%emt 0:16:38]} Bb4 {[%emt 0:07:15]} 14. a3 {[%emt 0:06:03]} Bxd2+ {[%emt 0:01:42]} 15. Qxd2 {[%emt 0:00:27]} f6 {[%emt 0:06:52]} 16. Nf3 {[%emt 0:03:19]} fxe5 {[%emt 0:01:16]} 17. fxe5 {[%emt 0:01:15]} Ba6 {[%emt 0:08:17]} 18. Qc2 {[%emt 0:09:36]} Qc5 {[%emt 0:08:54]} 19. Be2 {[%emt 0:08:53]} Qe3 {[%emt 0:01:08]} 20. b3 {[%emt 0:01:50]} a4 {[%emt 0:00:55]} 21. Qd3 {[%emt 0:04:15]} Qxd3 {[%emt 0:00:21]} 22. Bxd3 {[%emt 0:00:07]} axb3 {[%emt 0:00:37]} 23. Nd2 {[%emt 0:01:16]} O-O {[%emt 0:01:36]} 24. Nxb3 {[%emt 0:02:23]} Bxc4 {[%emt 0:00:14]} 25. Nc5 {[%emt 0:01:51]} d6 {[%emt 0:01:15]} 0-1

[Event "IIFL Wealth 4th Mumbai GM"]
[Site "Mumbai"]
[Date "2018.12.30"]
[Round "1"]
[White "Bhasima, Prashan"]
[Black "Mohota, Nisha"]
[Result "0-1"]
[WhiteElo "1658"]
[BlackElo "2264"]
[Annotator "NA"]
[PlyCount "72"]
[EventDate "2018.12.30"]
[EventType "swiss"]
[EventCountry "IND"]
[SourceTitle "playchess.com"]
[Source "ChessBase"]
[SourceQuality "1"]
[TimeControl "40/5400+30:1800+30"]

1. e4 e5 2. Nf3 Nc6 3. Bc4 Nf6 4. d3 Be7 5. Nc3 O-O 6. h3 d6 7. Be3 Na5 8. Bb3 Nxb3 9. axb3 c5 10. Qd2 Bd7 11. g4 Bc6 12. g5 Nh5 13. h4 f5 14. gxf6 Nxf6 15. Ng5 Qd7 16. O-O-O a5 17. f4 exf4 18. Bxf4 a4 19. Rdg1 axb3 20. cxb3 d5 21. Qg2 Nh5 22. Be5 dxe4 23. Ngxe4 Bf6 24. Bxf6 Nxf6 25. Kc2 b6 26. Rh3 Rae8 27. Rg3 Re7 28. Rf3 Bxe4 29. Nxe4 Nd5 30. Rxf8+ Kxf8 31. Rf1+ Rf7 32. Rxf7+ Qxf7 33. Qh2 Qf4 34. Qh3 Ne3+ 35. Kc3 Nf5 36. h5 Qc1# {Kd4} 0-1

[Event "IIFL Wealth 4th Mumbai GM"]
[Site "Mumbai"]
[Date "2018.12.30"]
[Round "1"]
[White "Regmi, Shikhar"]
[Black "Aditya Mittal"]
[Result "0-1"]
[WhiteElo "1610"]
[BlackElo "2251"]
[Annotator "NA"]
[PlyCount "86"]
[EventDate "2018.12.30"]
[EventType "swiss"]
[EventCountry "IND"]
[SourceTitle "playchess.com"]
[Source "ChessBase"]
[SourceQuality "1"]
[TimeControl "40/5400+30:1800+30"]

1. Nf3 {[%emt 0:00:00]} d5 {[%emt 0:00:00]} 2. g3 {[%emt 0:00:27]} Nf6 {[%emt 0:00:00]} 3. Bg2 {[%emt 0:00:29]} g6 {[%emt 0:00:04]} 4. O-O {[%emt 0:00:20]} Bg7 {[%emt 0:00:12]} 5. d4 {[%emt 0:01:18]} c6 {[%emt 0:00:31]} 6. c3 {[%emt 0:00:41]} O-O {[%emt 0:00:36]} 7. Bg5 {[%emt 0:00:26]} h6 {[%emt 0:05:29]} 8. Bf4 {[%emt 0:00:38]} Bf5 {[%emt 0:01:52]} 9. Qc1 {[%emt 0:01:24]} Kh7 {[%emt 0:01:55]} 10. Ne5 {[%emt 0:02:24]} Nfd7 {[%emt 0:02:06]} 11. Nf3 {[%emt 0:03:12]} g5 {[%emt 0:04:38]} 12. Bd2 {[%emt 0:03:44]} e6 {[%emt 0:01:54]} 13. h4 {[%emt 0:00:43]} g4 {[%emt 0:03:16]} 14. Nh2 {[%emt 0:00:35]} c5 {[%emt 0:03:28]} 15. dxc5 {[%emt 0:01:57]} Nxc5 {[%emt 0:01:20]} 16. f3 {[%emt 0:00:44]} gxf3 {[%emt 0:01:57]} 17. Nxf3 {[%emt 0:01:08]} Ne4 {[%emt 0:01:56]} 18. Bf4 {[%emt 0:02:07]} Nc6 {[%emt 0:01:06]} 19. Kh2 {[%emt 0:01:33]} e5 {[%emt 0:05:42]} 20. Be3 {[%emt 0:04:02]} Be6 {[%emt 0:08:07]} 21. Qc2 {[%emt 0:01:13]} f5 {[%emt 0:02:26]} 22. Nbd2 {[%emt 0:00:37]} Nxd2 {[%emt 0:07:03]} 23. Bxd2 {[%emt 0:00:59]} e4 {[%emt 0:02:34]} 24. Ng1 {[%emt 0:01:49]} Be5 {[%emt 0:11:28]} 25. Bf4 {[%emt 0:01:14]} Bxf4 {[%emt 0:00:44]} 26. Rxf4 {[%emt 0:00:11]} Ne5 {[%emt 0:00:13]} 27. Bh3 {[%emt 0:01:26]} Ng6 {[%emt 0:02:00]} 28. Rff1 {[%emt 0:03:11]} Qd6 {[%emt 0:04:00]} 29. h5 {[%emt 0:01:17]} Ne5 {[%emt 0:02:36]} 30. Rf4 {[%emt 0:01:29]} Rg8 {[%emt 0:00:57]} 31. Raf1 {[%emt 0:02:38]} Rg5 {[%emt 0:02:18]} 32. e3 {[%emt 0:03:33]} Rxh5 {[%emt 0:01:52]} 33. Ne2 {[%emt 0:00:20]} Ng4+ {[%emt 0:00:49]} 34. Rxg4 {[%emt 0:00:56]} fxg4 {[%emt 0:00:04]} 35. Nf4 {[%emt 0:01:32]} Rxh3+ {[%emt 0:00:07]} 36. Nxh3 {[%emt 0:00:20]} gxh3 {[%emt 0:00:03]} 37. Qf2 {[%emt 0:00:22]} Rg8 {[%emt 0:00:16]} 38. Qf4 {[%emt 0:00:52]} Qxf4 {[%emt 0:00:03]} 39. Rxf4 {[%emt 0:00:15]} Kg7 {[%emt 0:00:08]} 40. g4 {[%emt 0:00:00]} Rf8 {[%emt 0:00:00]} 41. Kxh3 {[%emt 0:00:29]} h5 {[%emt 0:00:22]} 42. Kh4 {[%emt 0:00:22]} Rxf4 {[%emt 0:00:08]} 43. exf4 {[%emt 0:00:03]} Bxg4 {[%emt 0:00:13]} 0-1

[Event "IIFL Wealth 4th Mumbai GM"]
[Site "Mumbai"]
[Date "2018.12.30"]
[Round "1"]
[White "Laoussing, Mathis"]
[Black "Varga, Klara"]
[Result "0-1"]
[WhiteElo "1438"]
[BlackElo "2242"]
[Annotator "NA"]
[PlyCount "56"]
[EventDate "2018.12.30"]
[EventType "swiss"]
[EventCountry "IND"]
[SourceTitle "playchess.com"]
[Source "ChessBase"]
[SourceQuality "1"]
[TimeControl "40/5400+30:1800+30"]

1. e4 {[%emt 0:00:00]} e6 {[%emt 0:00:00]} 2. d4 {[%emt 0:00:00]} d5 {[%emt 0:00:00]} 3. exd5 {[%emt 0:00:08]} exd5 {[%emt 0:00:00]} 4. c4 {[%emt 0:00:09]} Nf6 {[%emt 0:00:00]} 5. Nc3 {[%emt 0:01:06]} Bb4 {[%emt 0:00:13]} 6. Qb3 {[%emt 0:04:08]} Nc6 {[%emt 0:00:26]} 7. Be3 {[%emt 0:00:58]} O-O {[%emt 0:00:28]} 8. Bd3 {[%emt 0:00:39]} dxc4 {[%emt 0:01:54]} 9. Bxc4 {[%emt 0:03:15]} Qe7 {[%emt 0:03:10]} 10. Bd3 {[%emt 0:03:03]} Nxd4 {[%emt 0:00:30]} 11. Qc4 {[%emt 0:03:23]} c5 {[%emt 0:00:20]} 12. O-O-O {[%emt 0:00:28]} Be6 {[%emt 0:00:21]} 13. Bxh7+ {[%emt 0:01:47]} Nxh7 {[%emt 0:00:21]} 14. Qd3 {[%emt 0:00:30]} Bxc3 {[%emt 0:00:34]} 15. bxc3 {[%emt 0:02:28]} Bf5 {[%emt 0:00:26]} 16. Qc4 {[%emt 0:03:51]} b5 {[%emt 0:00:56]} 17. Qf1 {[%emt 0:01:01]} Qe4 {[%emt 0:00:08]} 18. Rd3 {[%emt 0:04:39]} Qxd3 {[%emt 0:01:31]} 19. Qxd3 {[%emt 0:00:06]} Bxd3 {[%emt 0:00:04]} 20. cxd4 {[%emt 0:00:07]} cxd4 {[%emt 0:00:06]} 21. Bxd4 {[%emt 0:00:13]} Rfd8 {[%emt 0:00:08]} 22. Be3 {[%emt 0:00:43]} Rac8+ {[%emt 0:00:05]} 23. Kb2 {[%emt 0:00:16]} Rc2+ {[%emt 0:00:06]} 24. Kb3 {[%emt 0:00:17]} Rdc8 {[%emt 0:00:43]} 25. Bd4 {[%emt 0:00:35]} a5 {[%emt 0:00:37]} 26. Nf3 {[%emt 0:01:52]} Be4 {[%emt 0:00:09]} 27. Re1 {[%emt 0:00:53]} Bd5+ {[%emt 0:00:05]} 28. Ka3 {[%emt 0:00:31]} Rxa2# {[%emt 0:00:08]} 0-1

[Event "IIFL Wealth 4th Mumbai GM"]
[Site "Mumbai"]
[Date "2018.12.30"]
[Round "1"]
[White "Wahba, David George"]
[Black "Wagh Suyog"]
[Result "0-1"]
[WhiteElo "1295"]
[BlackElo "2240"]
[Annotator "NA"]
[PlyCount "52"]
[EventDate "2018.12.30"]
[EventType "swiss"]
[EventCountry "IND"]
[SourceTitle "playchess.com"]
[Source "ChessBase"]
[SourceQuality "1"]
[TimeControl "40/5400+30:1800+30"]

1. e4 {[%emt 0:00:00]} e5 {[%emt 0:00:19]} 2. Nf3 Nc6 3. Bc4 {[%emt 0:01:06]} Nf6 {[%emt 0:00:51]} 4. Ng5 {[%emt 0:01:24]} d5 {[%emt 0:00:07]} 5. exd5 {[%emt 0:00:12]} Na5 {[%emt 0:00:03]} 6. Bb5+ c6 7. dxc6 {[%emt 0:00:57]} bxc6 {[%emt 0:00:32]} 8. Qf3 {[%emt 0:00:25]} Bb7 {[%emt 0:01:35]} 9. Ba4 {[%emt 0:01:22]} Be7 {[%emt 0:01:33]} 10. Nc3 O-O 11. O-O {[%emt 0:04:09]} Nd5 {[%emt 0:02:07]} 12. Nge4 {[%emt 0:01:47]} f5 {[%emt 0:00:06]} 13. Ng3 {[%emt 0:00:33]} Nf4 {[%emt 0:08:23]} 14. Bb3+ {[%emt 0:03:23]} Kh8 {[%emt 0:00:16]} 15. Qd1 {[%emt 0:01:44]} c5 {[%emt 0:00:18]} 16. f3 {[%emt 0:00:26]} c4 {[%emt 0:02:33]} 17. Ba4 {[%emt 0:01:46]} e4 {[%emt 0:00:24]} 18. fxe4 {[%emt 0:01:25]} fxe4 {[%emt 0:00:12]} 19. Ngxe4 {[%emt 0:02:59]} Qd4+ {[%emt 0:00:31]} 20. Kh1 {[%emt 0:03:51]} Bxe4 {[%emt 0:00:58]} 21. Nxe4 Qxe4 22. Qf3 {[%emt 0:05:09]} Nh3 {[%emt 0:00:42]} 23. Qd1 {[%emt 0:04:38]} Rxf1+ {[%emt 0:00:16]} 24. Qxf1 {[%emt 0:02:54]} Rf8 25. Qxf8+ Bxf8 {[%emt 0:00:35]} 26. d3 {[%emt 0:02:22]} Qe1# {[%emt 0:00:06]} 0-1